000 00611nam a22002297a 4500
003 UA-OsUOA
001 96795
007 ta
008 20130322b un ||||| |||| 00| 0 ukr d
100 _aМіксат К.
090 _a821.511.141
_bМ59
942 _cBK
040 _aUA-OsUOA
_bukr
_cUA-OsUOA
_dUA-OsUOA
245 _aПарасолька святого Петра
_bроман
300 _a188 с.
955 _a3
041 _aukr
080 _a821.511.141
260 _aК.
_bДніпро
_c1983
650 7 _a82 Література. Літературознавство
_2UDC
999 _c383045
_d383045